Sustaining Spiritualities with Living Faiths in Asia in the context of Globalization (Record no. 20253)
[ view plain ]
| 000 -LEADER | |
|---|---|
| fixed length control field | 00362nam a22001217a 4500 |
| 082 ## - DEWEY DECIMAL CLASSIFICATION NUMBER | |
| Classification number | 341.7588 CHU |
| 100 ## - MAIN ENTRY--AUTHOR NAME | |
| Author name | Chung, Sook Ja |
| 245 ## - TITLE STATEMENT | |
| Title | Sustaining Spiritualities with Living Faiths in Asia in the context of Globalization |
| 260 ## - PUBLICATION, DISTRIBUTION, ETC. (IMPRINT) | |
| Place of publication | Sri Lanka |
| Name of publisher | Ecuminical Association of Third World Theologians |
| 300 ## - PHYSICAL DESCRIPTION | |
| Number of Pages | 179 |
| 650 ## - SUBJECT ADDED ENTRY--TOPICAL TERM | |
| Topical Term | Globalization |
| 942 ## - ADDED ENTRY ELEMENTS (KOHA) | |
| Koha item type | Books |
| Home library | Current library | Date acquired | Source of acquisition | Full call number | Accession Number | Koha item type |
|---|---|---|---|---|---|---|
| Henry Martyn Institute Library | Henry Martyn Institute Library | 02/15/2017 | Dr Andreas D'Souza | 341.7588 CHU | 11-2606 | Books |
